A brief history of the future of education: (Record no. 30859)

000 -LEADER
fixed length control field 00536nam a22001457a 4500
008 - FIXED-LENGTH DATA ELEMENTS--GENERAL INFORMATION
fixed length control field 210125b ||||| |||| 00| 0 eng d
020 ## - INTERNATIONAL STANDARD BOOK NUMBER
International Standard Book Number 9781544355023
050 ## - LIBRARY OF CONGRESS CALL NUMBER
Classification number LA 217.2 .J85 2019
100 ## - MAIN ENTRY--PERSONAL NAME
Personal name Jukes,Ian.
245 ## - TITLE STATEMENT
Title A brief history of the future of education:
Remainder of title a learning in the age of distribution/
Statement of responsibility, etc. Ian Jukes.
260 ## - PUBLICATION, DISTRIBUTION, ETC. (IMPRINT)
Place of publication, distribution, etc. California:
Name of publisher, distributor, etc. Corwin,
Date of publication, distribution, etc. c2019
300 ## - PHYSICAL DESCRIPTION
Extent xv,172p.:
Other physical details ill.(chiefly col);
Dimensions 26cm
504 ## - BIBLIOGRAPHY, ETC. NOTE
Bibliography, etc Includes bibliographical reference and index
942 ## - ADDED ENTRY ELEMENTS (KOHA)
Source of classification or shelving scheme
Koha item type Hard Covered Materials
Classification part LA 217.2 .J85 2019
Holdings
Withdrawn status Lost status Source of classification or shelving scheme Damaged status Not for loan Home library Current library Shelving location Date acquired Source of acquisition Cost, normal purchase price Total Checkouts Full call number Barcode Date last seen Price effective from Koha item type
          MACHAKOS UNIVERSITY LIBRARY MACHAKOS UNIVERSITY LIBRARY Open shelf 25/01/2021 purchase(Njigua books) 23505.00   LA 217.2 .J85 2019 23505 25/01/2021 25/01/2021 Hard Covered Materials
          MACHAKOS UNIVERSITY LIBRARY MACHAKOS UNIVERSITY LIBRARY Open shelf 04/02/2022 purchase 4627.00   LA 217.2 .J85 2019 23697 10/02/2022 25/01/2021 Hard Covered Materials
© Machakos University Library, Along The Highway, Machakos Wote Rd, Machakos, Kenya P.O. Box 136 - 90100 Machakos - Kenya

Tel: ( +254 ) 723 805829 OR Fax : 044-20353 OR Email: library@mksu.ac.ke